|
|
|
|
| LEADER |
01041nam a2200277 a 4500 |
| 001 |
2538455 |
| 008 |
091220s1993 ii b 001 0 eng d |
| 010 |
|
|
|a 93910421
|
| 020 |
|
|
|a 8170245729
|
| 020 |
|
|
|a 8170245702 (set)
|
| 040 |
|
|
|a DLC
|c DLC
|c BD-DhAAL
|
| 082 |
0 |
0 |
|a 333.76/0954
|2 20
|
| 100 |
1 |
|
|a Verma, Binoy Nath,
|d 1946-
|
| 245 |
1 |
0 |
|a Agrarian tension and conflict /
|c Binoy N. Verma, Neelam Verma.
|
| 260 |
|
|
|a New Delhi :
|b Ashish Pub. House,
|c 1993.
|
| 300 |
|
|
|a xviii, 199 p. ;
|c 23 cm.
|
| 362 |
0 |
|
|v olume II
|
| 490 |
0 |
|
|a Agrarian relation in transition series ;
|v vol. 2
|
| 504 |
|
|
|a Includes bibliographical references (p. [159]-178) and index.
|
| 541 |
1 |
|
|e 00010832
|
| 650 |
|
0 |
|a Land tenure
|z India.
|
| 651 |
|
0 |
|a India
|x Rural conditions.
|
| 700 |
1 |
|
|a Verma, Neelam,
|c Ph. D.
|
| 852 |
4 |
|
|a Ayesha Abed Library
|j General Shelf.
|
| 999 |
|
|
|c 6277
|d 6277
|
| 952 |
|
|
|0 0
|1 0
|2 ddc
|4 0
|6 333_760954000000000_VER_1993
|7 0
|9 6315
|a BRACUL
|b BRACUL
|c GEN
|d 2009-12-21
|g 520.00
|l 0
|o 333.760954 VER
|p 3010010832
|r 2009-12-21
|t 1
|v 1040.00
|w 2009-12-21
|y BK
|